Countries That Lost The Most Population In 2024 - Statistics

General Stats
  • This quiz has been taken 21 times
  • The average score is 4 of 10
Answer Stats
Growth Rate Answer % Correct
-0.84% Latvia
94%
-0.98% Estonia
83%
-1.22% Moldova
61%
-0.9% Poland
56%
-1.77% Greece
44%
-1.04% Czech Republic
39%
-3.38% Marshall Islands
11%
-1.69% Tuvalu
11%
-0.81% Martinique
6%
-4.92% Saint Martin
6%
No matching quizzes found
Score Distribution
Percent of People with Each Score
Percentile by Number Answered
Your Score History
You have not taken this quiz